书目信息 |
| 题名: |
祁连山自然保护区东大山生物资源
|
|
| 作者: | 李刚 编著 | |
| 分册: | ||
| 出版信息: | 北京 科学出版社 2017.12 |
|
| 页数: | 152页, [11] 页图版 | |
| 开本: | 26cm | |
| 丛书名: | ||
| 单 册: | ||
| 中图分类: | Q-92 | |
| 科图分类: | ||
| 主题词: | ||
| 电子资源: | ||
| ISBN: | 978-7-03-055935-7 | |
| 000 | 00996nam0 2200241 450 | |
| 001 | 202019134887 | |
| 005 | 20191007123107.0 | |
| 010 | @a978-7-03-055935-7@dCNY99.00 | |
| 100 | @a20191002d2017 em y0chiy50 ea | |
| 101 | 0 | @achi |
| 102 | @aCN@b110000 | |
| 105 | @aafk a 000yy | |
| 106 | @ar | |
| 200 | 1 | @a祁连山自然保护区东大山生物资源@Aqi lian shan zi ran bao hu qu dong da shan sheng wu zi yuan@f李刚编著 |
| 210 | @a北京@c科学出版社@d2017.12 | |
| 215 | @a152页, [11] 页图版@c图@d26cm | |
| 320 | @a有书目 (第134-138页) | |
| 330 | @a本书重点对历年来研究的东大山生态环境资源进行了归纳整理, 作者凭借二十多年在东大山工作的经验又对动物植物资源的种类进行了补充和完善, 同时利用现有生物多样性评价体系对东大山的植物、动物和真菌资源进行了生物多样性评价, 并结合东大山的现状和存在的问题提出了一些改进的措施。 | |
| 607 | @a祁连山@Aqi lian shan@x自然保护区@x生物资源@x研究 | |
| 690 | @aQ-92@v5 | |
| 701 | 0 | @a李刚@Ali gang@4编著 |
| 801 | 0 | @aCN@c20190905 |
| 905 | @a河南城建学院图书馆@dQ-92@eL162 | |
| 祁连山自然保护区东大山生物资源/李刚编著.-北京:科学出版社,2017.12 |
| 152页, [11] 页图版:图;26cm |
| ISBN 978-7-03-055935-7:CNY99.00 |
| 本书重点对历年来研究的东大山生态环境资源进行了归纳整理, 作者凭借二十多年在东大山工作的经验又对动物植物资源的种类进行了补充和完善, 同时利用现有生物多样性评价体系对东大山的植物、动物和真菌资源进行了生物多样性评价, 并结合东大山的现状和存在的问题提出了一些改进的措施。 |
| ● |
| 相关链接 |
|
|
|
正题名:祁连山自然保护区东大山生物资源
索取号:Q-92/L162
 
预约/预借
| 序号 | 登录号 | 条形码 | 馆藏地/架位号 | 状态 | 备注 |
| 1 | 1443061 | 214430613 | 自科库401/401自科库 24排2列5层/ [索取号:Q-92/L162] | 在馆 | |
| 2 | 1443062 | 214430622 | 自科库401/401自科库 24排2列5层/ [索取号:Q-92/L162] | 在馆 |